| 000 | 00000nam##2200000za#4500 |
| 001 | 9.633395 |
| 003 | CaOODSP |
| 005 | 20230201095211 |
| 007 | cr ||||||||||| |
| 008 | 150407|2006||||xxc|||||o f|0| 0 fre|d |
| 020 | |a0-662-72884-X |
| 040 | |aCaOODSP|bfre |
| 043 | |an-cn--- |
| 086 | 1 |aPS64-31/2006F-PDF |
| 110 | 2 |aGendarmerie royale du Canada. |
| 245 | 10|aInégalité devant la loi : |h[ressource électronique]|ble «profilage racial» au Canada / |cpar Ron Melchers. |
| 260 | |aOttawa - Ontario : |bGendarmerie royale du Canada |c2006. |
| 300 | |a114p. |
| 504 | |aBibliographie. |
| 590 | |a13-14-Supp|b2013-05-30 |
| 691 | 07|aDiscrimination raciale|2gcpds |
| 775 | 08|tInequality before the law : |w(CaOODSP)9.688975 |
| 856 | 40|ahttp://publications.gc.ca|qPDF|s1.67 Mo|uhttps://publications.gc.ca/collections/collection_2013/grc-rcmp/PS64-31-2006-fra.pdf |